[Event "Karpenisi rapid op 12th"]
[Site "Karpenisi"]
[Date "2022.09.04"]
[Round "6"]
[White "Hristopoulos, Nikolaos"]
[Black "Frendzas, Panayotis"]
[Result "0-1"]
[WhiteElo "1842"]
[BlackElo "2340"]
[PlyCount "52"]
[EventDate "2022.09.02"]
[EventType "swiss (rapid)"]
[EventRounds "7"]
[EventCountry "GRE"]
[SourceTitle "EXT 2024"]
[Source "ChessBase"]
[SourceDate "2023.10.10"]
[SourceVersion "1"]
[SourceVersionDate "2023.10.10"]
[SourceQuality "1"]

1. e4 c5 2. Nc3 a6 3. g3 b5 4. Bg2 Bb7 5. d3 e6 6. Nh3 Nf6 7. 0-0 d6 8. Bg5 Nbd7 9. e5 Bxg2 10. exf6 gxf6 11. Bxf6 Nxf6 12. Kxg2 Bg7 13. Qf3 0-0 14. Nf4 d5 15. Nce2 e5 16. Nh5 Nxh5 17. Qxh5 f5 18. f4 e4 19. dxe4 dxe4 20. Rad1 Qe8 21. Qg5 h6 22. Qh4 Rd8 23. Nc3 Rxd1 24. Rxd1 Qe6 25. Nd5 e3 26. Ne7+ Kf7 0-1

[Event "Karpenisi rapid op 12th"]
[Site "Karpenisi"]
[Date "2022.09.02"]
[Round "2"]
[White "Hristopoulos, Nikolaos"]
[Black "Kioutsoukos, Dimitrios"]
[Result "0-1"]
[WhiteElo "1842"]
[BlackElo "1605"]
[PlyCount "44"]
[EventDate "2022.09.02"]
[EventType "swiss (rapid)"]
[EventRounds "7"]
[EventCountry "GRE"]
[SourceTitle "EXT 2024"]
[Source "ChessBase"]
[SourceDate "2023.10.10"]
[SourceVersion "1"]
[SourceVersionDate "2023.10.10"]
[SourceQuality "1"]

1. e4 c5 2. Nc3 d6 3. g3 Nc6 4. Bg2 g6 5. d3 Bg7 6. Nge2 Bg4 7. h3 Bxe2 8. Qxe2 e6 9. Be3 Nge7 10. Qd2 h5 11. 0-0-0 Qd7 12. f4 Nd4 13. g4 hxg4 14. hxg4 0-0-0 15. e5 dxe5 16. Ne4 b6 17. fxe5 Bxe5 18. Ng5 Nd5 19. Rxh8 Rxh8 20. Kb1 f6 21. Nf3 Nxf3 22. Bxf3 Qa4 0-1

[Event "Bouzakis Memorial-B"]
[Site "Chania"]
[Date "2000.08.24"]
[Round "5"]
[White "Fragakis, Efstratios"]
[Black "Hristopoulos, Nikolaos"]
[Result "1-0"]
[WhiteElo "1920"]
[BlackElo "1875"]
[PlyCount "69"]
[EventDate "2000.08.20"]
[EventType "tourn"]
[EventRounds "9"]
[EventCountry "GRE"]
[SourceTitle "EXT 2004"]
[Source "ChessBase"]
[SourceDate "2003.11.25"]
[SourceVersion "1"]
[SourceVersionDate "2003.11.25"]
[SourceQuality "1"]

1. e4 Nf6 2. e5 Nd5 3. c4 Nb6 4. d4 d6 5. exd6 cxd6 6. Nc3 g6 7. Nf3 Bg7 8. Be2 0-0 9. 0-0 Nc6 10. h3 f5 11. Re1 f4 12. a3 e5 13. dxe5 Nxe5 14. Nxe5 Bxe5 15. Bf3 Qh4 16. Nd5 Nxd5 17. Qxd5+ Kh8 18. Rxe5 dxe5 19. Qxe5+ Qf6 20. Bxf4 Kg7 21. c5 a5 22. Bd5 Qxe5 23. Bxe5+ Kh6 24. Rd1 Rf5 25. f4 Ra6 26. g4 Rf8 27. Kg2 g5 28. f5 Re8 29. Re1 Re7 30. Kf3 b5 31. c6 b4 32. a4 Rb6 33. h4 b3 34. hxg5+ Kxg5 35. Bf4+ 1-0

[Event "Bouzakis Memorial-B"]
[Site "Chania"]
[Date "2000.08.20"]
[Round "1"]
[White "Hristopoulos, Nikolaos"]
[Black "Solidakis, Nektarios"]
[Result "0-1"]
[WhiteElo "1875"]
[BlackElo "1925"]
[PlyCount "98"]
[EventDate "2000.08.20"]
[EventType "tourn"]
[EventRounds "9"]
[EventCountry "GRE"]
[SourceTitle "EXT 2004"]
[Source "ChessBase"]
[SourceDate "2003.11.25"]
[SourceVersion "1"]
[SourceVersionDate "2003.11.25"]
[SourceQuality "1"]

1. e4 c6 2. d4 d5 3. exd5 cxd5 4. Bd3 Nc6 5. c3 Nf6 6. Bf4 e6 7. Nf3 Bd6 8. Ne5 Qc7 9. Qe2 0-0 10. Nd2 Re8 11. 0-0 a6 12. a4 b6 13. b4 Ne7 14. g4 Ng6 15. Bg3 Bb7 16. Rac1 Nd7 17. f4 Ndf8 18. Ndf3 f6 19. Nxg6 hxg6 20. Nd2 g5 21. Qf2 gxf4 22. Bxf4 Bxf4 23. Qxf4 Qxf4 24. Rxf4 e5 25. Rff1 e4 26. Be2 Ne6 27. h4 Rf8 28. Nb3 g6 29. c4 f5 30. gxf5 gxf5 31. c5 bxc5 32. bxc5 Bc6 33. a5 Kg7 34. Kf2 Nf4 35. Rg1+ Kf6 36. Rg3 Ne6 37. Rcg1 f4 38. Rg6+ Ke7 39. Bg4 Nd8 40. Bh5 Ne6 41. Bg4 Nd8 42. h5 Rb8 43. Bd1 e3+ 44. Kf3 Ne6 45. Ke2 Bb5+ 46. Ke1 f3 47. Bxf3 Rxf3 48. c6 Rbf8 49. Kd1 e2+ 0-1